[Event "Crema op 05th"]
[Site "Crema"]
[Date "2003.09.06"]
[Round "4"]
[White "Bassi, Serena"]
[Black "Potenza, Gaetano"]
[Result "0-1"]
[WhiteElo "1347"]
[BlackElo "1522"]
[PlyCount "110"]
[EventDate "2003.09.05"]
[EventType "swiss"]
[EventRounds "6"]
[EventCountry "ITA"]
[SourceTitle "EXT 2007"]
[Source "ChessBase"]
[SourceDate "2006.11.23"]
[SourceVersion "1"]
[SourceVersionDate "2006.11.23"]
[SourceQuality "1"]

1. e4 c6 2. d4 d5 3. exd5 cxd5 4. Nc3 Nc6 5. Bb5 Bf5 6. Nf3 e6 7. Ne5 Rc8 8. Bxc6+ bxc6 9. 0-0 Bd6 10. f4 Nf6 11. Qf3 Bxc2 12. Qg3 0-0 13. Rf2 Bg6 14. Be3 Bb4 15. Raf1 Bxc3 16. f5 Ne4 17. Qf3 Bxf5 18. bxc3 Nxf2 19. Rxf2 Qh4 20. Bf4 f6 21. Bg3 Qe4 22. Nd7 Rfd8 23. Nc5 Qxf3 24. gxf3 g5 25. Re2 Kf7 26. Nb7 Ke7 27. Nxd8 Rxd8 28. Rb2 h5 29. Rb7+ Rd7 30. Rxd7+ Kxd7 31. h4 a5 32. Kf2 a4 33. a3 Kc8 34. Ke2 Kb7 35. Kd2 Kb6 36. Kc1 c5 37. Kb2 Kb5 38. Bf2 cxd4 39. cxd4 Kc4 40. Ka2 gxh4 41. Bxh4 Kxd4 42. Bxf6+ Ke3 43. Kb2 Kxf3 44. Kc3 Kg4 45. Be5 h4 46. Kd4 Kf3 47. Kc5 Kg2 48. Kb4 Bc2 49. Kc5 h3 50. Kd6 Bf5 51. Kc5 h2 52. Bxh2 Kxh2 53. Kd4 Kg3 54. Ke5 Kf3 55. Kd4 Kf4 0-1

[Event "ITA-ch (Women) 30th"]
[Site "Bratto"]
[Date "2003.08.27"]
[Round "7"]
[White "Bassi, Serena"]
[Black "Reginato, Sabrina"]
[Result "1/2-1/2"]
[WhiteElo "1347"]
[BlackElo "1395"]
[PlyCount "54"]
[EventDate "2003.08.21"]
[EventType "swiss"]
[EventRounds "9"]
[EventCountry "ITA"]
[SourceTitle "EXT 2007"]
[Source "ChessBase"]
[SourceDate "2006.11.23"]
[SourceVersion "1"]
[SourceVersionDate "2006.11.23"]
[SourceQuality "1"]

1. e4 c5 2. Nc3 d6 3. g3 Nf6 4. Bg2 e6 5. d3 Be7 6. f4 Qc7 7. Nf3 a6 8. Be3 Nc6 9. 0-0 0-0 10. d4 cxd4 11. Nxd4 b5 12. Nxc6 Qxc6 13. e5 d5 14. exf6 Bxf6 15. Bd4 Be7 16. Re1 Bd7 17. Nxd5 exd5 18. Rxe7 Be6 19. Ra7 Rac8 20. Bf2 Qxc2 21. Qxc2 Rxc2 22. Rd1 Rxb2 23. Rxa6 h6 24. Bxd5 Rd8 25. Bb3 Rxd1+ 26. Bxd1 Rb1 27. Rd6 Bg4 1/2-1/2

[Event "ITA-ch (Women) 30th"]
[Site "Bratto"]
[Date "2003.08.23"]
[Round "3"]
[White "Bassi, Serena"]
[Black "Fittante, Giuliana"]
[Result "0-1"]
[WhiteElo "1347"]
[BlackElo "1799"]
[PlyCount "58"]
[EventDate "2003.08.21"]
[EventType "swiss"]
[EventRounds "9"]
[EventCountry "ITA"]
[SourceTitle "EXT 2007"]
[Source "ChessBase"]
[SourceDate "2006.11.23"]
[SourceVersion "1"]
[SourceVersionDate "2006.11.23"]
[SourceQuality "1"]

1. e4 Nf6 2. e5 Nd5 3. c4 Nb6 4. Nf3 d6 5. d4 Bg4 6. exd6 exd6 7. Qe2+ Be7 8. Qe4 Bxf3 9. Qxf3 Nc6 10. Be3 0-0 11. a3 Bf6 12. Qd1 Qe7 13. Be2 d5 14. c5 Nc4 15. Bxc4 dxc4 16. 0-0 Rad8 17. d5 Bxb2 18. Ra2 Bf6 19. Re1 Qe4 20. Rd2 c3 21. Rd3 Qc4 22. Re2 Ne5 23. Rxc3 Rxd5 24. Rd2 Rxd2 25. Qxd2 Qg4 26. Bf4 Rd8 27. f3 Rxd2 28. fxg4 Rd1+ 29. Kf2 Nxg4+ 0-1

[Event "ITA-ch (Women) 27th"]
[Site "Imperia"]
[Date "2000.09.06"]
[Round "4"]
[White "Bassi, Serena"]
[Black "Arnetta, Maria Teresa"]
[Result "0-1"]
[WhiteElo "1500"]
[BlackElo "1831"]
[PlyCount "39"]
[EventDate "2000.09.03"]
[EventType "tourn"]
[EventRounds "9"]
[EventCountry "ITA"]
[SourceTitle "EXT 2007"]
[Source "ChessBase"]
[SourceDate "2006.11.23"]
[SourceVersion "1"]
[SourceVersionDate "2006.11.23"]
[SourceQuality "1"]

1. e4 c5 2. Nc3 e6 3. Nf3 Nc6 4. d4 cxd4 5. Nxd4 a6 6. Bc4 Bb4 7. Nxc6 bxc6 8. 0-0 d5 9. exd5 cxd5 10. Bb3 Nf6 11. Bg5 0-0 12. Qd4 Be7 13. Rfe1 Rb8 14. Rad1 h6 15. Bf4 Rb4 16. Qd2 Bd6 17. Bxd6 Qxd6 18. a3 Rh4 19. g3 Rg4 20. f3 0-1

[Event "ITA-ch (Women) 27th"]
[Site "Imperia"]
[Date "2000.09.05"]
[Round "3"]
[White "Santurbano, Maria Vincenza"]
[Black "Bassi, Serena"]
[Result "1-0"]
[WhiteElo "1735"]
[BlackElo "1500"]
[PlyCount "29"]
[EventDate "2000.09.03"]
[EventType "tourn"]
[EventRounds "9"]
[EventCountry "ITA"]
[SourceTitle "EXT 2007"]
[Source "ChessBase"]
[SourceDate "2006.11.23"]
[SourceVersion "1"]
[SourceVersionDate "2006.11.23"]
[SourceQuality "1"]

1. e4 e5 2. Nf3 Nf6 3. Nc3 Bc5 4. Nxe5 Qe7 5. d4 d6 6. Nxf7 Qxf7 7. dxc5 dxc5 8. Be3 b6 9. Qd2 0-0 10. 0-0-0 Nc6 11. f3 Be6 12. Nd5 Nxd5 13. exd5 Rad8 14. dxe6 Rxd2 15. exf7+ 1-0